[Event "AUTO-INT-1680"]
[Site "http://www.queenalice.com/game.php?id=764795"]
[Date "2010.4.22"]
[Round "1"]
[White "CountGrobula"]
[Black "wladimir"]
[Result "1-0"]
[WhiteElo "1498"]
[BlackElo "1442"]

1. d4 d5 2. e3 Bf5 3. Nf3 Nf6 4. Bd3 e6 5. c3 Bxd3 6. Qxd3 g6 7. Nbd2 Nc6 8. O-O
Bd6 9. Re1 h6 10. e4 e5 11. exd5 Nxd5 12. dxe5 Bc5 13. Ne4 Nce7 14. Nf6+ Nxf6
15. Qxd8+ Rxd8 16. exf6 g5 17. fxe7 Bxe7 18. Nd4 c6 19. Nf5 Rd7 20. b3 Kd8 21.
Nxe7 Rxe7 22. Bb2 Rd7 23. c4 Rd2 24. Red1 Rxd1+ 25. Rxd1+ Ke7 26. Bxh8 f5 27.
Re1+ Kf8 28. Re6 Kg8 29. Rxh6 Kf7 30. Rd6 Ke7 31. c5 g4 32. f3 b5 33. fxg4 fxg4
34. Rxc6 Kd7 35. Ra6 Kc7 36. Rxa7+ Kc6 37. b4 Kd5 38. Kf2 Kc6 39. Ra6+ Kd5 40.
Rd6+ Kc4 41. c6 Kxb4 42. c7 1-0

[Event "AUTO-INT-1680"]
[Site "http://www.queenalice.com/game.php?id=764796"]
[Date "2010.4.22"]
[Round "1"]
[White "wladimir"]
[Black "CountGrobula"]
[Result "0-1"]
[WhiteElo "1418"]
[BlackElo "1512"]

1. e4 g5 2. Nf3 g4 3. Nd4 d6 4. Bc4 Nf6 5. Nc3 h5 6. d3 Bd7 7. Bg5 Bg7 8. Nf5
Nc6 9. a3 Bxf5 10. exf5 d5 11. Bb5 Qd7 12. Bf4 a6 13. Bxc6 Qxc6 14. Bg5 O-O-O
15. Qe2 Kb8 16. Qxe7 Rde8 17. Bxf6 Rxe7+ 18. Bxe7 Re8 19. O-O Rxe7 20. Rac1 Bxc3
21. bxc3 Qxc3 22. a4 Qf6 23. g3 Qxf5 24. a5 Qf3 25. Rce1 Rxe1 26. Rxe1 h4 27.
gxh4 Kc8 28. Re3 Qd1+ 29. Kg2 Qxc2 30. Kg3 d4 31. Re5 Qxd3+ 32. Kxg4 Qg6+ 33.
Rg5 Qe6+ 34. Rf5 d3 35. Kf4 d2 36. Re5 Qxe5+ 37. Kxe5 d1=Q 38. Kf6 Qf3+ 39. Kg7
Kd7 40. Kf8 Qf6 41. h5 Ke6 42. Kg8 Qg5+ 0-1

[Event "Challenge"]
[Site "http://www.queenalice.com/game.php?id=778413"]
[Date "2010.5.20"]
[Round "-"]
[White "CountGrobula"]
[Black "krambo1"]
[Result "0-1"]
[WhiteElo "1447"]
[BlackElo "1988"]

1. f4 d5 2. Nf3 Nf6 3. d4 Bg4 4. e3 e6 5. Bd3 Nbd7 6. O-O c5 7. c3 cxd4 8. cxd4
Rc8 9. Nbd2 Be7 10. Qa4 a6 11. Ne5 O-O 12. Ndf3 h6 13. Bd2 Nxe5 14. fxe5 Ne4 15.
Bxe4 dxe4 16. Ne1 Qd5 17. Bb4 Bxb4 18. Qxb4 Rc4 19. Qd2 Rfc8 20. h3 Bh5 21. g4
Bg6 22. Ng2 Rc2 23. Qb4 R8c4 24. Qa3 Qc6 25. Kh2 Rd2 26. b3 Rcc2 27. Rg1 Qc3 28.
Rac1 Rxg2+ 29. Rxg2 Rxc1 30. h4 Qe1 31. b4 Qxh4# 0-1

[Event "AUTO-OPEN-2019"]
[Site "http://www.queenalice.com/game.php?id=794516"]
[Date "2010.6.24"]
[Round "1"]
[White "CountGrobula"]
[Black "Carotino"]
[Result "0-1"]
[WhiteElo "1522"]
[BlackElo "2356"]

1. d4 g6 2. c3 Bg7 3. e3 c5 4. Nf3 Nf6 5. Bd3 d6 6. Nbd2 Nc6 7. O-O O-O 8. Re1
b6 9. e4 cxd4 10. cxd4 Bd7 11. e5 dxe5 12. Nb3 exd4 13. Nfxd4 a5 14. Bb5 Rc8 15.
Qf3 Nb4 16. Bxd7 Nxd7 17. Re2 a4 18. a3 axb3 0-1

[Event "AUTO-OPEN-2019"]
[Site "http://www.queenalice.com/game.php?id=794517"]
[Date "2010.6.24"]
[Round "1"]
[White "Carotino"]
[Black "CountGrobula"]
[Result "1-0"]
[WhiteElo "2326"]
[BlackElo "1524"]

1. e4 e5 2. Nf3 d6 3. d4 Bg4 4. dxe5 Bxf3 5. Qxf3 dxe5 6. Qb3 Qc8 7. Bc4 Nh6 8.
Bxh6 gxh6 9. Bxf7+ Kd8 10. Nc3 Nc6 11. Be6 Qb8 12. O-O-O+ Nd4 13. Qd5+ Bd6 14.
Rxd4 Ke7 15. Rd3 Rd8 16. Bf5 Kf8 17. Rg3 1-0

[Event "AUTO-OPEN-2019"]
[Site "http://www.queenalice.com/game.php?id=794518"]
[Date "2010.6.24"]
[Round "1"]
[White "CountGrobula"]
[Black "Thanasis"]
[Result "0-1"]
[WhiteElo "1480"]
[BlackElo "1822"]

1. d4 Nf6 2. e3 d5 3. Nc3 e6 4. Bd3 Bb4 5. Bd2 c6 6. Nf3 Na6 7. O-O O-O 8. Re1
Nc7 9. a3 Ba5 10. b4 Bb6 11. Na4 Bd7 12. c4 dxc4 13. Bxc4 Ncd5 14. Nc5 Bxc5 15.
bxc5 b5 16. Bb3 a5 17. Bxd5 exd5 18. Ne5 Qc7 19. f3 Be6 0-1

[Event "AUTO-OPEN-2019"]
[Site "http://www.queenalice.com/game.php?id=794519"]
[Date "2010.6.24"]
[Round "1"]
[White "Thanasis"]
[Black "CountGrobula"]
[Result "1-0"]
[WhiteElo "1820"]
[BlackElo "1482"]

1. d4 d5 2. c4 e6 3. Nc3 Bb4 4. Nf3 c6 5. e3 Nf6 6. Bd3 O-O 7. Qc2 Nbd7 8. O-O
Re8 9. a3 Bxc3 10. bxc3 e5 11. dxe5 Nxe5 12. Nxe5 Rxe5 13. f4 Re8 14. Re1 Ne4
15. cxd5 cxd5 16. Rd1 Bf5 17. c4 d4 18. exd4 Qxd4+ 19. Kf1 Qxa1 20. Bb2 1-0

[Event "AUTO-INT-1737"]
[Site "http://www.queenalice.com/game.php?id=794635"]
[Date "2010.6.25"]
[Round "1"]
[White "reivipviana"]
[Black "CountGrobula"]
[Result "1-0"]
[WhiteElo "1445"]
[BlackElo "1518"]

1. e4 g5 2. e5 g4 3. Qxg4 d5 4. d4 Bxg4 5. f3 Bf5 6. Bb5+ c6 7. Ba4 Nd7 8. g4
Bg6 9. Nh3 e6 10. Bg5 Be7 11. Bxe7 Nxe7 12. Ng5 h6 13. Nh3 Qa5+ 14. Nc3 b5 15.
Bxb5 cxb5 16. a3 b4 17. Nb1 1-0

[Event "AUTO-INT-1737"]
[Site "http://www.queenalice.com/game.php?id=794636"]
[Date "2010.6.25"]
[Round "1"]
[White "CountGrobula"]
[Black "reivipviana"]
[Result "0-1"]
[WhiteElo "1499"]
[BlackElo "1464"]

1. f4 d5 2. Nf3 Nc6 3. e3 Bg4 4. Be2 Nf6 5. O-O e6 6. d3 Qd6 7. a3 O-O-O 8. Nc3
a6 9. d4 h6 10. Ne5 Nxe5 11. fxe5 Qd7 12. exf6 Bxe2 13. Nxe2 gxf6 14. Rxf6 Qe7
15. Qf1 Rh7 0-1

[Event "Challenge"]
[Site "http://www.queenalice.com/game.php?id=796990"]
[Date "2010.6.30"]
[Round "-"]
[White "MisterTibs"]
[Black "CountGrobula"]
[Result "1-0"]
[WhiteElo "2300"]
[BlackElo "1478"]

1. d4 d5 2. e3 c6 3. Nf3 Bg4 4. Be2 Nf6 5. h3 Bh5 6. Nbd2 e6 7. O-O Bd6 8. c4
O-O 9. Qb3 Qc7 10. c5 Be7 11. Re1 Nbd7 12. Nf1 Ne4 13. N1d2 Ndf6 14. Qc2 Bg6 15.
Bd3 Rfe8 16. Ne5 Rad8 17. Nb3 b6 18. Nxg6 fxg6 19. cxb6 1-0

[Event "Challenge"]
[Site "http://www.queenalice.com/game.php?id=796991"]
[Date "2010.6.30"]
[Round "-"]
[White "krambo1"]
[Black "CountGrobula"]
[Result "1-0"]
[WhiteElo "1957"]
[BlackElo "1476"]

1. d4 e5 2. dxe5 Nc6 3. Nf3 d6 4. Bg5 f6 5. exf6 Nxf6 6. e3 Be7 7. Nc3 O-O 8. a3
Bg4 9. Be2 Qd7 10. h3 Bh5 11. O-O Rad8 12. Nd5 Nxd5 13. Qxd5+ Bf7 14. Qb5 Rb8
15. Bxe7 Qxe7 16. Qg5 Qxg5 17. Nxg5 Bg6 18. c3 1-0